Who? #Celeberties - Statistics

General Stats
  • This quiz has been taken 397 times
  • The average score is 19 of 33
Answer Stats
Hint Answer % Correct
1.Ariana Grande
98%
26.Cardi B
97%
4.Donald Trump
89%
15.Selena Gomez
87%
22.Taylor Swift
87%
28.Kanye West
85%
13.Katy Perry
83%
18.Harry Styles
83%
14.Dua Lipa
81%
20.Jojo Siwa
81%
23.Miley Cyrus
80%
8.Kim Kardashian
80%
6.Barack Obama
80%
21.Nicki Minaj
76%
7.Shawn Mendes
74%
19.Snoop Dogg
73%
5.Vladimir Putin
71%
11.Gordon Ramsay
70%
3.Justin Beiber
51%
25.Jeff Bezos
46%
24.Bill Gates
46%
32.Simon Cowwel
45%
17.Willow Smith
44%
31.Da Baby
40%
16.James Charles
35%
29.Joe Biden
34%
12.George Clooney
32%
30.Mark Zuckerburg
21%
9.Karl Jacobs
11%
2.Aubrey Graham
9%
33.Quiz Master
7%
27.Meghan Marble
3%
10.Tyler Tony
3%
No matching quizzes found
Score Distribution
Percent of People with Each Score
Percentile by Number Answered
Your Score History
You have not taken this quiz